<?xml version="1.0" encoding="UTF-8"?>
<record
    xmlns:xsi="http://www.w3.org/2001/XMLSchema-instance"
    xsi:schemaLocation="http://www.loc.gov/MARC21/slim http://www.loc.gov/standards/marcxml/schema/MARC21slim.xsd"
    xmlns="http://www.loc.gov/MARC21/slim">

  <leader>00959nam a2200241 i 4500</leader>
  <controlfield tag="001">C00006797c</controlfield>
  <controlfield tag="005">20241029142740.0</controlfield>
  <controlfield tag="008">940830s1975    sp f          000 0 spa d</controlfield>
  <datafield tag="080" ind1=" " ind2=" ">
    <subfield code="a">73 Picart, Pierres</subfield>
  </datafield>
  <datafield tag="080" ind1=" " ind2=" ">
    <subfield code="a">729.961.1:726.54(465.11 Ira&#xF1;eta)</subfield>
  </datafield>
  <datafield tag="100" ind1="1" ind2=" ">
    <subfield code="a">Andr&#xE9;s Ordax, Salvador (</subfield>
    <subfield code="d">1941-)</subfield>
    <subfield code="9">2104</subfield>
  </datafield>
  <datafield tag="245" ind1="1" ind2="4">
    <subfield code="a">Los retablos de Pierres Picart en Ira&#xF1;eta (Navarra) / </subfield>
    <subfield code="c">Salvador Andr&#xE9;s Ordax.</subfield>
  </datafield>
  <datafield tag="260" ind1=" " ind2=" ">
    <subfield code="a">Valladolid : </subfield>
    <subfield code="b">Universidad, Seminario de Estudios de Arte y Arqueolog&#xED;a,</subfield>
    <subfield code="c">1975.</subfield>
  </datafield>
  <datafield tag="300" ind1=" " ind2=" ">
    <subfield code="a">P. 259-268, [2] p. de l&#xE1;m. ; </subfield>
    <subfield code="c">25 cm.</subfield>
  </datafield>
  <datafield tag="500" ind1=" " ind2=" ">
    <subfield code="a">Separata de: Bolet&#xED;n del Seminario de Estudios de Arte y Arqueolog&#xED;a, t. XL y LXI, 1975.</subfield>
  </datafield>
  <datafield tag="600" ind1="1" ind2="4">
    <subfield code="a">Picart, Pierres.</subfield>
    <subfield code="9">5222</subfield>
  </datafield>
  <datafield tag="650" ind1=" " ind2=" ">
    <subfield code="a">Retablos-</subfield>
    <subfield code="z">Espa&#xF1;a-</subfield>
    <subfield code="z">Navarra.</subfield>
    <subfield code="9">80587</subfield>
  </datafield>
  <datafield tag="651" ind1=" " ind2="4">
    <subfield code="a">Ira&#xF1;eta (Navarra, Espa&#xF1;a)</subfield>
    <subfield code="9">5223</subfield>
  </datafield>
  <datafield tag="710" ind1="2" ind2=" ">
    <subfield code="a">Universidad de Valladolid. </subfield>
    <subfield code="b">Seminario de Estudios de Arte y Arqueolog&#xED;a.</subfield>
    <subfield code="9">4235</subfield>
  </datafield>
  <datafield tag="852" ind1="4" ind2="2">
    <subfield code="j">F-2674</subfield>
  </datafield>
  <datafield tag="952" ind1=" " ind2=" ">
    <subfield code="0">0</subfield>
    <subfield code="1">0</subfield>
    <subfield code="4">0</subfield>
    <subfield code="7">0</subfield>
    <subfield code="8">NOR</subfield>
    <subfield code="a">RABASF</subfield>
    <subfield code="b">RABASF</subfield>
    <subfield code="c">DP1</subfield>
    <subfield code="d">1994-08-30</subfield>
    <subfield code="e">A</subfield>
    <subfield code="l">0</subfield>
    <subfield code="o">F-2674</subfield>
    <subfield code="p">1007477</subfield>
    <subfield code="r">2024-10-15 09:05:39</subfield>
    <subfield code="w">2024-10-15</subfield>
    <subfield code="y">FONDOMODER</subfield>
  </datafield>
  <datafield tag="999" ind1=" " ind2=" ">
    <subfield code="c">6712</subfield>
    <subfield code="d">6712</subfield>
  </datafield>
</record>
